书目信息 |
| 题名: |
恋爱心理测验
|
|
| 作者: | 村子 主编 | |
| 分册: | ||
| 出版信息: | 郑州 河南人民出版社 2003.01 |
|
| 页数: | 192页 | |
| 开本: | 20cm | |
| 丛书名: | ||
| 单 册: | ||
| 中图分类: | B841 | |
| 科图分类: | ||
| 主题词: | 心理学研究方法 | |
| 电子资源: | ||
| ISBN: | 7-215-05163-3 | |
| 000 | 00523nam0 2200193 45 | |
| 001 | 0452826657 | |
| 005 | 2004042314402657 | |
| 010 | @a7-215-05163-3@dCNY 12.00 | |
| 100 | @a20040423d2003 km y0chiy0120 ea | |
| 101 | 0 | @achi |
| 102 | @aCN@b410000 | |
| 200 | 1 | @a恋爱心理测验@ALian Ai Xin Li Ce Yan@f村子主编@FCun Zi Zhu Bian |
| 210 | @a郑州@c河南人民出版社@d2003.01 | |
| 215 | @a192页@d20cm | |
| 606 | 0 | @a心理学研究方法 |
| 690 | @aB841@v3 | |
| 701 | 0 | @a村子@ACun Zi@4主编 |
| 801 | 0 | @aCN@bPFT@c20040423 |
| 905 | @dB841@eC987 | |
| 恋爱心理测验/村子主编.-郑州:河南人民出版社,2003.01 |
| 192页;20cm |
| ISBN 7-215-05163-3:CNY 12.00 |
| ● |
| 相关链接 |
|
|
|
正题名:恋爱心理测验
索取号:B841/C987
 
预约/预借
| 序号 | 登录号 | 条形码 | 馆藏地/架位号 | 状态 | 备注 |
| 1 | 386527 | 203865273 | 社科库509/509社科库 35排3列5层/ [索取号:B841/C987] | 在馆 | |
| 2 | 386528 | 203865282 | 社科库509/ [索取号:B841/C987] | 在馆 | |
| 3 | 386529 | 203865291 | 社科库509/509社科库 35排3列5层/ [索取号:B841/C987] | 在馆 |